000
00335 a2200157 4500
001
114038
041
_a
por
090
_a
Multiuso
245
1
0
_a
Projetor Power lite X24+ 4
250
_a
. ed.
300
_a
Marca Epson
856
_u
000010/000010d1.jpg
040
_a
BR-BrIDEA
_c
BR-BrIDEA
260
_a
[S.l.]
_c
2016
942
_c
DE
999
_c
114038
_d
114038